[Event "Madrid ch 2011-2012 Previa A"]
[Site "Madrid ESP"]
[Date "2012.02.15"]
[Round "6.14"]
[White "Lopez Peral, Enrique"]
[Black "Lucia Carpintero, Oscar"]
[Result "1-0"]
[WhiteElo "1823"]
[BlackElo "1661"]
[PlyCount "115"]
[EventDate "2012.02.06"]
[EventType "swiss"]
[EventRounds "9"]
[EventCountry "ESP"]
[Source "lmi"]
[SourceDate "2012.02.06"]

1. c4 Nf6 2. Nf3 g6 3. g3 Bg7 4. Bg2 O-O 5. O-O e6 6. d4 d5 7. e3 c6 8. Nbd2
Nbd7 9. Qc2 Re8 10. b3 Nb6 11. Ba3 Qc7 12. Rac1 Ng4 13. Rfd1 f6 14. Bb2 Nh6 15.
Ne1 Nf7 16. Nd3 Qe7 17. b4 e5 18. dxe5 fxe5 19. cxd5 cxd5 20. Nc5 Be6 21. Nxe6
Qxe6 22. Qb3 Rac8 23. Rc5 Red8 24. Rdc1 Rc6 25. a4 Rcd6 26. a5 Nc8 27. e4 Ne7
28. exd5 Nxd5 29. Ne4 R6d7 30. Nc3 Nc7 31. Qxe6 Nxe6 32. Rd5 Nd4 33. Rxd7 Rxd7
34. Kf1 Nd6 35. Ne4 N6b5 36. Nc5 Re7 37. Bxb7 Bh6 38. Bd5+ Kf8 39. Rb1 Bd2 40.
Bxd4 exd4 41. Nd3 Nc3 42. Rb2 Nxd5 43. Rxd2 Rb7 44. Rc2 Nc3 45. Kg2 Ke7 46. f4
Kd6 47. g4 Kd5 48. Rb2 Kc4 49. Ne5+ Kb5 50. f5 Nd5 51. fxg6 hxg6 52. Nxg6 Rg7
53. Ne5 Nxb4 54. Nd3 Kxa5 55. Nxb4 Rb7 56. Nc6+ Ka6 57. Rxb7 Kxb7 58. Nxd4 1-0

[Event "Madrid ch 2011-2012 Previa A"]
[Site "Madrid ESP"]
[Date "2012.02.15"]
[Round "6.15"]
[White "Carrera Cabañeros, Francisco"]
[Black "Rottenwöhrer, Christoph"]
[Result "1-0"]
[WhiteElo "1819"]
[BlackElo "1595"]
[PlyCount "41"]
[EventDate "2012.02.06"]
[EventType "swiss"]
[EventRounds "9"]
[EventCountry "ESP"]
[Source "lmi"]
[SourceDate "2012.02.06"]

1. d4 Nf6 2. c4 g6 3. Nc3 Bg7 4. e4 d6 5. f4 O-O 6. Nf3 Na6 7. Be2 e5 8. fxe5
dxe5 9. Nxe5 c5 10. Be3 cxd4 11. Bxd4 Re8 12. O-O Nxe4 13. Nxe4 Bxe5 14. Bxe5
Qxd1 15. Nf6+ Kf8 16. Nxh7+ Kg8 17. Nf6+ Kf8 18. Raxd1 Rxe5 19. Rd8+ Ke7 20.
Re8+ Kd6 21. Rd1+ 1-0

[Event "Madrid ch 2011-2012 Previa A"]
[Site "Madrid ESP"]
[Date "2012.02.15"]
[Round "6.16"]
[White "Sancho Pascual, Emilio"]
[Black "Pardiñas Riaño, Emilio"]
[Result "0-1"]
[WhiteElo "1572"]
[BlackElo "1768"]
[PlyCount "58"]
[EventDate "2012.02.06"]
[EventType "swiss"]
[EventRounds "9"]
[EventCountry "ESP"]
[Source "lmi"]
[SourceDate "2012.02.06"]

1. e4 c5 2. f4 d6 3. Bb5+ Bd7 4. Bxd7+ Nxd7 5. Nf3 Qc7 6. Nc3 e6 7. d4 cxd4 8.
Nxd4 a6 9. Be3 Ngf6 10. g4 Nb6 11. g5 Nfd7 12. Qc1 O-O-O 13. O-O d5 14. Kh1 Bc5
15. a4 Nc4 16. exd5 exd5 17. b3 Nxe3 18. Qxe3 Rhe8 19. Qd3 Nb8 20. Nce2 Re4 21.
c3 Nc6 22. Rac1 Kb8 23. b4 Bxd4 24. cxd4 Qd6 25. b5 Nb4 26. Qf3 a5 27. Rc5 Rde8
28. Rf2 Re3 29. Qg4 Nd3 0-1

[Event "Madrid ch 2011-2012 Previa A"]
[Site "Madrid ESP"]
[Date "2012.02.15"]
[Round "6.17"]
[White "Barroso Barroso, Jorge"]
[Black "Zuazua Conde, Ivan Javier"]
[Result "1-0"]
[WhiteElo "1740"]
[BlackElo "1498"]
[PlyCount "63"]
[EventDate "2012.02.06"]
[EventType "swiss"]
[EventRounds "9"]
[EventCountry "ESP"]
[Source "lmi"]
[SourceDate "2012.02.06"]

1. e4 e5 2. Nf3 Nf6 3. Nxe5 d6 4. Nf3 Nxe4 5. Nc3 Nxc3 6. dxc3 Be7 7. Be3 O-O
8. Qd2 Be6 9. O-O-O Nd7 10. Kb1 Nc5 11. Bd3 Nxd3 12. Qxd3 c6 13. Nd4 Bd7 14.
Nf5 Bxf5 15. Qxf5 Qc8 16. Qf3 Re8 17. h4 a5 18. h5 Bf8 19. Rh3 Qe6 20. Rg3 Qe4
21. Kc1 Qxf3 22. Rxf3 Re4 23. Rf4 Rae8 24. Rd4 Rxf4 25. Bxf4 d5 26. Kd1 Bc5 27.
Rd2 b5 28. Re2 Kf8 29. h6 g6 30. Be5 Re6 31. b3 f6 32. Bd4 1-0

[Event "Madrid ch 2011-2012 Previa A"]
[Site "Madrid ESP"]
[Date "2012.02.15"]
[Round "6.20"]
[White "Garcia Lopez, Pedro"]
[Black "Veuthey Martinez, Eloy"]
[Result "1-0"]
[WhiteElo "1854"]
[BlackElo "1552"]
[PlyCount "61"]
[EventDate "2012.02.06"]
[EventType "swiss"]
[EventRounds "9"]
[EventCountry "ESP"]
[Source "lmi"]
[SourceDate "2012.02.06"]

1. d4 d6 2. c4 e5 3. d5 f5 4. Nc3 Nf6 5. Nf3 a5 6. e3 Na6 7. a3 Nc5 8. b3 Be7
9. Bb2 O-O 10. b4 axb4 11. axb4 Rxa1 12. Bxa1 Na6 13. b5 Nc5 14. Na4 Nfd7 15.
Be2 Nxa4 16. Qxa4 Nc5 17. Qc2 Qe8 18. O-O Rf6 19. Nd2 Rh6 20. Nb3 Ne4 21. Bf3
Ng5 22. Be2 Qg6 23. Kh1 Ne4 24. Nd2 f4 25. Qxe4 Bf5 26. Qf3 e4 27. Qxf4 Rh4 28.
Qg3 Rg4 29. Bxg4 Bxg4 30. h3 Qh5 31. Qxg4 1-0

[Event "Madrid ch 2011-2012 Previa A"]
[Site "Madrid ESP"]
[Date "2012.02.15"]
[Round "6.21"]
[White "Diaz Begonte, Manuel"]
[Black "Martinez Carrasco, Jesus"]
[Result "1-0"]
[WhiteElo "1790"]
[BlackElo "1580"]
[PlyCount "175"]
[EventDate "2012.02.06"]
[EventType "swiss"]
[EventRounds "9"]
[EventCountry "ESP"]
[Source "lmi"]
[SourceDate "2012.02.06"]

1. e4 c5 2. d4 cxd4 3. c3 dxc3 4. Nxc3 Nc6 5. Nf3 d6 6. Bc4 e6 7. O-O Nf6 8.
Qe2 Be7 9. Rd1 e5 10. h3 O-O 11. Bg5 h6 12. Bh4 a6 13. a4 Qc7 14. Rac1 Be6 15.
Nd5 Qd8 16. Bg3 Qb8 17. Ba2 Re8 18. Nxf6+ Bxf6 19. Bd5 Bxd5 20. Rxd5 Be7 21.
Rd3 Bf8 22. Qd2 Nd8 23. Nh4 Ne6 24. Nf5 Nc5 25. Re3 Nxa4 26. Bh4 Nc5 27. Qd5
Ne6 28. Rg3 g6 29. Bf6 Nf4 30. Qd1 Re6 31. Bh4 g5 32. Rg4 Ng6 33. Bxg5 hxg5 34.
Rxg5 Be7 35. Nxe7+ Rxe7 36. Qh5 Qf8 37. Rc3 Qg7 38. Qg4 Re6 39. Rc7 b5 40. h4
a5 41. h5 a4 42. Qxe6 fxe6 43. Rxg7+ Kxg7 44. Rxg6+ Kf7 45. Rg3 b4 46. h6 Rh8
47. Rg7+ Kf6 48. Ra7 Rxh6 49. Rxa4 b3 50. Rb4 Rh4 51. f3 d5 52. g3 Rh8 53. Rxb3
d4 54. Rd3 Rb8 55. b3 Rc8 56. Kf2 Rc2+ 57. Ke1 Rg2 58. g4 Rb2 59. Kd1 Kg5 60.
Kc1 Rf2 61. b4 Re2 62. b5 Ra2 63. b6 Ra8 64. b7 Rb8 65. Rb3 Kf4 66. Kd2 Kg5 67.
Rb5 Kf4 68. Ke2 Kg5 69. Rxe5+ Kf6 70. Rb5 e5 71. Kd3 Ke6 72. Rb6+ Kd7 73. g5
Ke7 74. g6 Kf8 75. Rb5 Kg7 76. Rxe5 Rxb7 77. Kxd4 Kxg6 78. f4 Rb4+ 79. Kc5 Rb2
80. f5+ Kf6 81. Re6+ Kf7 82. Kd6 Rb6+ 83. Ke5 Rb5+ 84. Kf4 Rb8 85. Rd6 Ke7 86.
Rc6 Kd7 87. Rg6 Ke7 88. Kg5 1-0

[Event "Madrid ch 2011-2012 Previa A"]
[Site "Madrid ESP"]
[Date "2012.02.15"]
[Round "6.22"]
[White "Benito Mellado, Humberto"]
[Black "Corredor Gonzalez, Angel L"]
[Result "0-1"]
[WhiteElo "1603"]
[BlackElo "1751"]
[PlyCount "40"]
[EventDate "2012.02.06"]
[EventType "swiss"]
[EventRounds "9"]
[EventCountry "ESP"]
[Source "lmi"]
[SourceDate "2012.02.06"]

1. d4 Nf6 2. c4 e6 3. Nc3 Bb4 4. Bd2 O-O 5. Qc2 d5 6. e3 Nc6 7. Nf3 Bxc3 8.
Bxc3 Ne4 9. Bd3 f5 10. Ne5 Nxe5 11. dxe5 c5 12. O-O-O Nxc3 13. Qxc3 d4 14. exd4
cxd4 15. Qd2 Qc7 16. Qf4 Rd8 17. h4 b5 18. b3 Ba6 19. Kd2 bxc4 20. Rc1 Qa5+ 0-1

[Event "Madrid ch 2011-2012 Previa A"]
[Site "Madrid ESP"]
[Date "2012.02.15"]
[Round "6.24"]
[White "Zhynguel Zhynguel, Alek"]
[Black "Castro Uceda, Jose Antonio"]
[Result "1-0"]
[WhiteElo "1600"]
[BlackElo "1649"]
[PlyCount "87"]
[EventDate "2012.02.06"]
[EventType "swiss"]
[EventRounds "9"]
[EventCountry "ESP"]
[Source "lmi"]
[SourceDate "2012.02.06"]

1. e4 c5 2. Bc4 e6 3. Nc3 d6 4. d3 Nc6 5. a3 Nf6 6. Nf3 Be7 7. h3 O-O 8. Ne2 a6
9. g4 d5 10. exd5 exd5 11. Ba2 Be6 12. Ng5 Nd7 13. Nf3 Nde5 14. Ng3 Nxf3+ 15.
Qxf3 Nd4 16. Qd1 Bh4 17. c3 Nc6 18. Bf4 Re8 19. Kd2 Qf6 20. Nh5 Qd8 21. Qf3 g6
22. Ng3 Qf6 23. Kc2 g5 24. Nh5 Qg6 25. Bd6 f5 26. Bxc5 Rad8 27. Rhe1 f4 28. Kd2
d4 29. Bxe6+ Rxe6 30. Rxe6 dxc3+ 31. Kxc3 Qxe6 32. d4 Na5 33. Kc2 Qc4+ 34. Qc3
Qe2+ 35. Kb1 Nc4 36. Ka2 Bxf2 37. Rb1 Rc8 38. d5 Ne5 39. Qb4 Rxc5 40. Qxb7 Qc4+
41. Ka1 Rc7 42. Qb8+ Rc8 43. Qxe5 Rc7 44. Qe8# 1-0

[Event "Madrid ch 2011-2012 Previa A"]
[Site "Madrid ESP"]
[Date "2012.02.15"]
[Round "6.25"]
[White "Garcia Donoso, Alberto"]
[Black "Cortijo Manso, Luis"]
[Result "1-0"]
[WhiteElo "1750"]
[BlackElo "1547"]
[PlyCount "149"]
[EventDate "2012.02.06"]
[EventType "swiss"]
[EventRounds "9"]
[EventCountry "ESP"]
[Source "lmi"]
[SourceDate "2012.02.06"]

1. e4 c5 2. Nc3 d6 3. g3 e6 4. Bg2 Ne7 5. d3 g6 6. Nge2 Bg7 7. Be3 O-O 8. Qd2
Nbc6 9. Bh6 Nb4 10. O-O-O Qb6 11. Kb1 Bd7 12. h4 a5 13. h5 d5 14. hxg6 fxg6 15.
Bxg7 Rf7 16. Be5 d4 17. a3 dxc3 18. Nxc3 Nbc6 19. Bd6 Nc8 20. Bf4 N8a7 21. Be3
Nd4 22. e5 Nab5 23. Ka2 a4 24. Ne4 Qa5 25. Nxc5 Qxd2 26. Rxd2 Bc6 27. Bxc6 Nxc6
28. d4 b6 29. Ne4 Nc7 30. Rh6 Nd5 31. Bg5 b5 32. c3 Na5 33. Nc5 Nb3 34. Nxb3
axb3+ 35. Kxb3 Ra4 36. Kc2 Rc4 37. Be3 Kg7 38. Rh1 Rfc7 39. Kd3 Kg8 40. Ke4 Ra7
41. Kf3 Rac7 42. Bg5 Rd7 43. Rd3 Ra4 44. Rc1 Rda7 45. Kg2 Rc7 46. g4 Rac4 47.
b3 Rxc3 48. Rdxc3 Rxc3 49. Rxc3 Nxc3 50. Bd2 Nd5 51. a4 bxa4 52. bxa4 Nc7 53.
Kf3 Kf7 54. a5 Kg7 55. g5 Kf7 56. Ke4 Ke7 57. Kd3 Kd7 58. Kc4 Kc6 59. Bb4 Nd5
60. a6 Nb6+ 61. Kd3 Nd5 62. Bc5 Nc7 63. a7 Na8 64. Kc4 Nc7 65. Kb4 Na8 66. Ka5
Kb7 67. d5 exd5 68. e6 Nc7 69. e7 Ne8 70. Kb4 Ng7 71. Kc3 Ne8 72. Kd4 Nc7 73.
Ke5 Ka8 74. Kd6 Kb7 75. Kd7 1-0

[Event "Madrid ch 2011-2012 Previa A"]
[Site "Madrid ESP"]
[Date "2012.02.15"]
[Round "6.26"]
[White "Ojosnegros Martin, Angel"]
[Black "Ruiz Castro, Manuel"]
[Result "1/2-1/2"]
[WhiteElo "1480"]
[BlackElo "1735"]
[PlyCount "121"]
[EventDate "2012.02.06"]
[EventType "swiss"]
[EventRounds "9"]
[EventCountry "ESP"]
[Source "lmi"]
[SourceDate "2012.02.06"]

1. e4 c5 2. Nf3 Nc6 3. d4 cxd4 4. Nxd4 Nxd4 5. Qxd4 d6 6. Qd1 g6 7. Nc3 Bg7 8.
Bb5+ Bd7 9. Bxd7+ Qxd7 10. Bd2 Nf6 11. O-O O-O 12. f4 Qc6 13. Rb1 Nxe4 14. Nxe4
Qxe4 15. Re1 Qd4+ 16. Kh1 e6 17. c3 Qd5 18. a3 Rac8 19. Qc2 Qc6 20. Rbd1 d5 21.
Be3 b6 22. Bd4 a5 23. Qf2 b5 24. g4 Bxd4 25. Qxd4 Qc5 26. Qd2 Qc4 27. Qe3 Qc5
28. Qg3 Qe7 29. f5 Qf6 30. Rf1 exf5 31. Qg2 Rc4 32. gxf5 d4 33. fxg6 Qxg6 34.
Qxg6+ fxg6 35. Rxf8+ Kxf8 36. Rxd4 Rxd4 37. cxd4 Ke7 38. Kg2 Ke6 39. Kf3 Kd5
40. Ke3 h6 41. h4 g5 42. h5 b4 43. Kd3 bxa3 44. bxa3 a4 45. Ke3 g4 46. Kf4 Kxd4
47. Kxg4 Kc3 48. Kf5 Kb3 49. Kg6 Kxa3 50. Kxh6 Kb3 51. Kg7 a3 52. h6 a2 53. h7
a1=Q+ 54. Kg8 Qa8+ 55. Kg7 Qb7+ 56. Kg8 Qc8+ 57. Kg7 Qd7+ 58. Kg8 Qe6+ 59. Kg7
Qg4+ 60. Kh8 Qh5 61. Kg8 1/2-1/2

[Event "Madrid ch 2011-2012 Previa A"]
[Site "Madrid ESP"]
[Date "2012.02.20"]
[Round "7.2"]
[White "Martos De La Vega, Alvaro"]
[Black "Ruiz Sanchez, Roberto"]
[Result "1/2-1/2"]
[WhiteElo "1935"]
[BlackElo "1976"]
[PlyCount "47"]
[EventDate "2012.02.06"]
[EventType "swiss"]
[EventRounds "9"]
[EventCountry "ESP"]
[Source "lmi"]
[SourceDate "2012.02.06"]

1. d4 d5 2. c4 c6 3. Nf3 Nf6 4. e3 e6 5. Bd3 Bd6 6. b3 O-O 7. O-O Nbd7 8. Bb2
Ne4 9. Ne5 f5 10. f3 Ng5 11. Nd2 Nf6 12. Qe2 Bd7 13. c5 Be7 14. e4 fxe4 15.
fxe4 Be8 16. Qe3 Ngxe4 17. Nxe4 Nxe4 18. Rxf8+ Bxf8 19. Bxe4 dxe4 20. Qxe4 Qd5
21. Qg4 Be7 22. Re1 Bf6 23. Nc4 Bf7 24. Nd6 1/2-1/2

[Event "Madrid ch 2011-2012 Previa A"]
[Site "Madrid ESP"]
[Date "2012.02.20"]
[Round "7.3"]
[White "Camarero Izquierdo, Juan Carlos"]
[Black "Cano Mercado, Francisco Manuel"]
[Result "0-1"]
[WhiteElo "1896"]
[BlackElo "1865"]
[PlyCount "116"]
[EventDate "2012.02.06"]
[EventType "swiss"]
[EventRounds "9"]
[EventCountry "ESP"]
[Source "lmi"]
[SourceDate "2012.02.06"]

1. d4 d5 2. Nc3 Nf6 3. Bg5 Nbd7 4. f4 c6 5. Qd3 Qa5 6. O-O-O e6 7. Bxf6 Nxf6 8.
e4 dxe4 9. Qe3 b5 10. Kb1 b4 11. Nce2 Nd5 12. Qb3 Bd6 13. Nh3 Rb8 14. Rc1 Ba6
15. Ng3 O-O 16. Bxa6 Qxa6 17. Nh5 e3 18. Ng5 h6 19. Ne4 Nc3+ 20. bxc3 bxc3 21.
Nxd6 Rxb3+ 22. cxb3 Qa3 23. Nc4 Qb4 24. Rhe1 Rb8 25. Kc2 c5 26. Rxe3 cxd4 27.
Rd3 Qb5 28. g4 Qd5 29. Ne3 Qe4 30. Ng3 Qxf4 31. Rf1 Qd6 32. Nc4 Qa6 33. a3 Rxb3
34. Kxb3 Qb5+ 35. Kc2 Qxc4 36. Ra1 Qa4+ 37. Kc1 Qb3 38. Rb1 Qxa3+ 39. Kd1 e5
40. h4 Qa4+ 41. Kc1 Qa2 42. Rb8+ Kh7 43. g5 hxg5 44. hxg5 Qf2 45. g6+ Kxg6 46.
Rh8 e4 47. Nxe4 Qf1+ 48. Kc2 Qe2+ 49. Nd2 cxd2 50. Rxd2 Qe4+ 51. Kd1 d3 52.
Rdh2 a5 53. R8h4 Qf3+ 54. Kd2 f5 55. R4h3 Qd5 56. Rg3+ Kf7 57. Rhg2 Qd4 58.
Rxd3 Qb2+ 0-1

[Event "Madrid ch 2011-2012 Previa A"]
[Site "Madrid ESP"]
[Date "2012.02.20"]
[Round "7.4"]
[White "Morona Minguez, Irene"]
[Black "Rodriguez Bachiller, Luis"]
[Result "1-0"]
[WhiteElo "1901"]
[BlackElo "1789"]
[PlyCount "37"]
[EventDate "2012.02.06"]
[EventType "swiss"]
[EventRounds "9"]
[EventCountry "ESP"]
[Source "lmi"]
[SourceDate "2012.02.06"]

1. e4 d6 2. d4 Nf6 3. Nc3 g6 4. Be2 Bg7 5. Be3 O-O 6. Qd2 c6 7. Bh6 Bxh6 8.
Qxh6 b5 9. a3 Qb6 10. h4 b4 11. e5 dxe5 12. dxe5 Ng4 13. Bxg4 Bxg4 14. h5 Bf5
15. Nf3 bxc3 16. Ng5 gxh5 17. Nxh7 cxb2 18. Qxf8+ Kxh7 19. Rxh5+ 1-0

[Event "Madrid ch 2011-2012 Previa A"]
[Site "Madrid ESP"]
[Date "2012.02.20"]
[Round "7.5"]
[White "Fernandez Garcia, Ignacio"]
[Black "Jimenez Gonzalez, Marcos"]
[Result "1/2-1/2"]
[WhiteElo "1903"]
[BlackElo "1831"]
[PlyCount "80"]
[EventDate "2012.02.06"]
[EventType "swiss"]
[EventRounds "9"]
[EventCountry "ESP"]
[Source "lmi"]
[SourceDate "2012.02.06"]

1. e4 c6 2. d4 d5 3. Nd2 dxe4 4. Nxe4 Bf5 5. Ng3 Bg6 6. Nf3 Nd7 7. Bc4 e6 8.
O-O Ngf6 9. Re1 Be7 10. Ng5 Nd5 11. h4 h6 12. h5 Bxc2 13. Nxe6 Bxd1 14. Nxd8
Kxd8 15. Rxd1 N7b6 16. Bb3 Bg5 17. Nf5 Bxc1 18. Raxc1 Nf4 19. Kf1 Nbd5 20. Nd6
Kc7 21. Nxf7 Rhf8 22. Ne5 Kd6 23. Bxd5 Nxd5 24. Rd3 Nf4 25. Rb3 Kc7 26. Ng6
Nxg6 27. hxg6 Rf6 28. Rg3 Rd8 29. Rd1 Rdd6 30. b4 Rxg6 31. Rgd3 Rd5 32. a4 a6
33. g3 Rgd6 34. Ke2 a5 35. b5 cxb5 36. axb5 Rxb5 37. d5 a4 38. Rd4 a3 39. Ra4
Rbxd5 40. Rc1+ Rc6 1/2-1/2

[Event "Madrid ch 2011-2012 Previa A"]
[Site "Madrid ESP"]
[Date "2012.02.20"]
[Round "7.6"]
[White "Fernandez Aransay, Fernando"]
[Black "Calcerrada Lopez, Enrique"]
[Result "1-0"]
[WhiteElo "1897"]
[BlackElo "1821"]
[PlyCount "77"]
[EventDate "2012.02.06"]
[EventType "swiss"]
[EventRounds "9"]
[EventCountry "ESP"]
[Source "lmi"]
[SourceDate "2012.02.06"]

1. e4 c5 2. Nf3 d6 3. d4 cxd4 4. Nxd4 Nf6 5. Nc3 a6 6. Bc4 e6 7. Bb3 Be7 8. Be3
Nbd7 9. f3 Qc7 10. Qd2 Nc5 11. g4 Nfd7 12. O-O-O b5 13. h4 Ne5 14. g5 Bb7 15.
h5 Nxb3+ 16. axb3 Nc6 17. g6 Nxd4 18. gxf7+ Kxf7 19. Bxd4 e5 20. Be3 Rac8 21.
Rh2 Bc6 22. Nd5 Bxd5 23. Qxd5+ Kf8 24. f4 Qc6 25. Qd3 Ke8 26. fxe5 dxe5 27. Bb6
Rf8 28. Ba5 Rf4 29. Rg2 Rf7 30. Kb1 Bf6 31. Qh3 Rd7 32. Rd3 Rd4 33. Rc3 Rc4 34.
bxc4 b4 35. Bxb4 Rb8 36. Ba3 Kf7 37. Qf5 h6 38. Rd2 Rb7 39. Rd6 1-0

[Event "Madrid ch 2011-2012 Previa A"]
[Site "Madrid ESP"]
[Date "2012.02.20"]
[Round "7.7"]
[White "Martinez Montalvo, Eduardo"]
[Black "Lozano Sanchez, Jose Antonio"]
[Result "1-0"]
[WhiteElo "1804"]
[BlackElo "1894"]
[PlyCount "85"]
[EventDate "2012.02.06"]
[EventType "swiss"]
[EventRounds "9"]
[EventCountry "ESP"]
[Source "lmi"]
[SourceDate "2012.02.06"]

1. e4 e5 2. f4 d5 3. exd5 exf4 4. Nf3 Qxd5 5. Nc3 Qh5 6. d4 Bg4 7. Bxf4 Bxf3 8.
Qxf3 Qxf3 9. gxf3 c6 10. d5 Bb4 11. O-O-O Bxc3 12. bxc3 Nf6 13. Re1+ Kd8 14. d6
Nd5 15. Bg3 Re8 16. Bc4 Nd7 17. Bxd5 cxd5 18. Kd2 Nc5 19. Rxe8+ Kxe8 20. Re1+
Ne6 21. Re5 Rc8 22. Rxd5 Kd7 23. h4 Rc5 24. Rxc5 Nxc5 25. Ke3 b6 26. Kd4 Ke6
27. Kc4 a6 28. Bh2 f6 29. Bf4 g6 30. Kd4 Nb7 31. d7 Kxd7 32. Kd5 Nd8 33. Be3
Kc7 34. Bf4+ Kd7 35. Be3 Kc7 36. Bd4 f5 37. Ke5 b5 38. Kf6 Kd6 39. Kg7 g5 40.
hxg5 Ne6+ 41. Kf6 b4 42. Be5+ Kd5 43. c4+ 1-0

[Event "Madrid ch 2011-2012 Previa A"]
[Site "Madrid ESP"]
[Date "2012.02.20"]
[Round "7.9"]
[White "Garcia Fernandez, Jesus"]
[Black "Lopez Peral, Enrique"]
[Result "0-1"]
[WhiteElo "1916"]
[BlackElo "1823"]
[PlyCount "46"]
[EventDate "2012.02.06"]
[EventType "swiss"]
[EventRounds "9"]
[EventCountry "ESP"]
[Source "lmi"]
[SourceDate "2012.02.06"]

1. e4 d5 2. d4 dxe4 3. Nc3 Nf6 4. f3 exf3 5. Nxf3 e6 6. Bd3 Be7 7. O-O Nbd7 8.
Qe1 c5 9. Bf4 cxd4 10. Nb5 Nd5 11. Nd6+ Bxd6 12. Bxd6 N7f6 13. Qg3 Rg8 14. Nxd4
Bd7 15. Kh1 Rc8 16. Rae1 Ne7 17. Bxh7 Nxh7 18. Nxe6 Bxe6 19. Rxe6 fxe6 20. Qe5
Rc6 21. Qh5+ g6 22. Qxh7 Rxd6 23. Qf7+ Kd7 0-1

[Event "Madrid ch 2011-2012 Previa A"]
[Site "Madrid ESP"]
[Date "2012.02.20"]
[Round "7.10"]
[White "Martin-consuegra Barrilero, Fco. Javier"]
[Black "Pardiñas Riaño, Emilio"]
[Result "1-0"]
[WhiteElo "1886"]
[BlackElo "1768"]
[PlyCount "101"]
[EventDate "2012.02.06"]
[EventType "swiss"]
[EventRounds "9"]
[EventCountry "ESP"]
[Source "lmi"]
[SourceDate "2012.02.06"]

1. d4 d5 2. Bf4 e6 3. e3 Bd6 4. Bg3 Nf6 5. Nd2 Nbd7 6. Ngf3 a6 7. Ne5 O-O 8.
Bd3 h6 9. O-O Be7 10. f4 c5 11. c3 c4 12. Bc2 Re8 13. Qf3 Rf8 14. Kh1 Nb6 15.
Rf2 Bd7 16. Raf1 Bc6 17. Qd1 Qe8 18. h3 Nbd7 19. Nxc6 bxc6 20. e4 Nb6 21. e5
Nfd7 22. f5 exf5 23. Bxf5 c5 24. Nf3 cxd4 25. cxd4 Rc8 26. e6 fxe6 27. Bxe6+
Kh8 28. Ne5 Nxe5 29. Rxf8+ Bxf8 30. Bxc8 Qxc8 31. Bxe5 Nd7 32. Qg4 Qe8 33. Qf5
Kg8 34. Bg3 Nf6 35. Re1 Qd8 36. Qe6+ Kh8 37. Qxa6 Ne4 38. Rxe4 dxe4 39. Qxc4
Qg5 40. Be5 Qf5 41. Qe2 e3 42. Qxe3 Qb1+ 43. Kh2 Qxb2 44. Qxh6+ Kg8 45. Qe6+
Kh8 46. Qf7 Qb4 47. a4 Kh7 48. a5 Kh8 49. a6 Qa3 50. a7 Kh7 51. Qb7 1-0

[Event "Madrid ch 2011-2012 Previa A"]
[Site "Madrid ESP"]
[Date "2012.02.20"]
[Round "7.11"]
[White "Redondo Garcia, Jose Luis"]
[Black "Carrera Cabañeros, Francisco"]
[Result "0-1"]
[WhiteElo "1855"]
[BlackElo "1819"]
[PlyCount "58"]
[EventDate "2012.02.06"]
[EventType "swiss"]
[EventRounds "9"]
[EventCountry "ESP"]
[Source "lmi"]
[SourceDate "2012.02.06"]

1. c4 c5 2. g3 Nf6 3. Bg2 e6 4. Nc3 Nc6 5. e3 Be7 6. Nge2 d5 7. cxd5 exd5 8. d4
Be6 9. O-O O-O 10. Nf4 cxd4 11. Nxe6 fxe6 12. exd4 Qb6 13. Ne2 Rac8 14. b3 Rc7
15. Bh3 Nd8 16. Bf4 Bd6 17. Rc1 Bxf4 18. Rxc7 Bxc7 19. Nf4 Bxf4 20. gxf4 Ne4
21. f3 Nd6 22. Qd2 Nf5 23. Rd1 Nc6 24. Bxf5 Rxf5 25. Qe3 Kf7 26. Kg2 Ne7 27.
Rc1 Ng6 28. Qc3 Nxf4+ 29. Kf1 Qa6+ 0-1

[Event "Madrid ch 2011-2012 Previa A"]
[Site "Madrid ESP"]
[Date "2012.02.20"]
[Round "7.12"]
[White "Osorio Ramos, Francisco"]
[Black "Barroso Barroso, Jorge"]
[Result "1/2-1/2"]
[WhiteElo "1848"]
[BlackElo "1740"]
[PlyCount "40"]
[EventDate "2012.02.06"]
[EventType "swiss"]
[EventRounds "9"]
[EventCountry "ESP"]
[Source "lmi"]
[SourceDate "2012.02.06"]

1. d4 e6 2. c4 Nf6 3. Nc3 d5 4. Nf3 c6 5. g3 Nbd7 6. cxd5 exd5 7. Bg2 Be7 8.
O-O O-O 9. Bf4 Re8 10. Ne5 Nf8 11. e4 dxe4 12. Nxe4 Nd5 13. Be3 Ne6 14. Nc3
Nec7 15. Qb3 Bf6 16. Rad1 Bxe5 17. dxe5 Qe7 18. Nxd5 Nxd5 19. Bxd5 cxd5 20.
Qxd5 Bh3 1/2-1/2

[Event "Madrid ch 2011-2012 Previa A"]
[Site "Madrid ESP"]
[Date "2012.02.20"]
[Round "7.13"]
[White "Ureña Castellanos, Antonio"]
[Black "Garcia-ruiz Fuentes, Angel Marcos"]
[Result "0-1"]
[WhiteElo "1673"]
[BlackElo "1846"]
[PlyCount "74"]
[EventDate "2012.02.06"]
[EventType "swiss"]
[EventRounds "9"]
[EventCountry "ESP"]
[Source "lmi"]
[SourceDate "2012.02.06"]

1. e4 Nf6 2. e5 Nd5 3. c4 Nb6 4. d4 d6 5. f4 g6 6. Nc3 Bg7 7. Be3 Be6 8. b3 O-O
9. Nf3 dxe5 10. fxe5 N6d7 11. Rc1 Bg4 12. Be2 Qc8 13. O-O c5 14. Nd5 Nc6 15. h3
Bxf3 16. Bxf3 cxd4 17. Bxd4 Ndxe5 18. Bxe5 Bxe5 19. Re1 Bd4+ 20. Kh1 e6 21. Nf4
Bg7 22. Ne2 Rd8 23. Qc2 Nb4 24. Qe4 Nd3 25. Qxb7 Qxb7 26. Bxb7 Rab8 27. Bf3 Bh6
28. Rb1 Nxe1 29. Rxe1 Rd2 30. Nc3 Rc2 31. Ne4 Rxa2 32. Bd1 Ra1 33. Nf6+ Kg7 34.
Ng4 Rxb3 35. Kh2 Bf4+ 36. Kg1 Rbb1 37. Nf2 Bg3 0-1

[Event "Madrid ch 2011-2012 Previa A"]
[Site "Madrid ESP"]
[Date "2012.02.20"]
[Round "7.14"]
[White "Al-zarif Zabala, Bassam"]
[Black "Beekhof Harmsen, Willen"]
[Result "1-0"]
[WhiteElo "1727"]
[BlackElo "1797"]
[PlyCount "95"]
[EventDate "2012.02.06"]
[EventType "swiss"]
[EventRounds "9"]
[EventCountry "ESP"]
[Source "lmi"]
[SourceDate "2012.02.06"]

1. e4 d6 2. d4 Nf6 3. Nc3 g6 4. f4 Bg7 5. Nf3 Bg4 6. Bc4 O-O 7. O-O c6 8. Bb3
b5 9. e5 dxe5 10. fxe5 Nd5 11. Nxd5 cxd5 12. Qd3 Qd7 13. c3 e6 14. a4 b4 15.
cxb4 Nc6 16. Bd2 a6 17. b5 axb5 18. axb5 Ne7 19. Ng5 Bf5 20. Qe2 h6 21. Nf3 Bg4
22. Be3 Nf5 23. Bf2 f6 24. Rxa8 Rxa8 25. exf6 Bxf6 26. Rd1 Ra5 27. b6 Bxf3 28.
gxf3 Kf7 29. Qd2 Qb5 30. Bc2 Qxb6 31. Bxf5 exf5 32. Qxh6 Bg7 33. Qc1 Rb5 34.
Qc8 Qb7 35. Qxb7+ Rxb7 36. Rd2 Rb4 37. Kg2 Bh6 38. Rc2 Bg5 39. Be1 Bf4 40. Bc3
Rb8 41. Re2 Rh8 42. h3 Rh5 43. b4 Rg5+ 44. Kf2 Rg3 45. Bd2 Bd6 46. h4 f4 47.
Be1 Rh3 48. Kg2 1-0

[Event "Madrid ch 2011-2012 Previa A"]
[Site "Madrid ESP"]
[Date "2012.02.20"]
[Round "7.15"]
[White "Perez Cameselle, Francisco"]
[Black "Martinez Miura, Enrique"]
[Result "1-0"]
[WhiteElo "1909"]
[BlackElo "1670"]
[PlyCount "77"]
[EventDate "2012.02.06"]
[EventType "swiss"]
[EventRounds "9"]
[EventCountry "ESP"]
[Source "lmi"]
[SourceDate "2012.02.06"]

1. Nf3 Nf6 2. g3 g6 3. Bg2 Bg7 4. O-O O-O 5. d3 d5 6. Nbd2 Nbd7 7. e4 dxe4 8.
dxe4 e5 9. Qe2 c6 10. Nc4 Qc7 11. a4 b6 12. b3 Ba6 13. Ba3 Rfe8 14. Rfd1 c5 15.
Bb2 Rad8 16. Nfd2 Nf8 17. Nf1 Ne6 18. c3 Bh6 19. Rxd8 Rxd8 20. Re1 Rd6 21. Bc1
Bxc1 22. Rxc1 Qd8 23. Nfe3 Nc7 24. Qf3 Bxc4 25. Nxc4 Re6 26. Rd1 Qe7 27. Bh3
Rc6 28. Qd3 Kg7 29. f3 h5 30. Qe3 b5 31. axb5 Nxb5 32. Bf1 Nc7 33. Qg5 Ne6 34.
Qxe5 Qb7 35. Na5 Qc7 36. Nxc6 Qxc6 37. Bc4 Qb6 38. Rd6 Qc7 39. Rxe6 1-0